书目信息 |
| 题名: |
UBER是什么
|
|
| 作者: | 王超 编著 | |
| 分册: | ||
| 出版信息: | 北京 中国商业出版社 2015 |
|
| 页数: | 269页 | |
| 开本: | 21cm | |
| 丛书名: | ||
| 单 册: | ||
| 中图分类: | F279.712.444 | |
| 科图分类: | ||
| 主题词: | 高技术企业--企业管理--经验--美国 | |
| 电子资源: | ||
| ISBN: | 978-7-5044-9032-2 | |
| 000 | 00776nam0 2200241 45 | |
| 001 | 012001005844 | |
| 005 | 20080820110926.0 | |
| 010 | @a978-7-5044-9032-2@dCNY39.90 | |
| 100 | @a20151101d2015 em y0chiy50 ea | |
| 101 | 0 | @achi |
| 102 | @aCN@b110000 | |
| 105 | @ay z 000yy | |
| 106 | @ar | |
| 200 | 1 | @aUBER是什么@9UBER shi shen me@f王超编著 |
| 210 | @a北京@c中国商业出版社@d2015 | |
| 215 | @a269页@d21cm | |
| 300 | @a紫图书库 9101 经管 01 | |
| 330 | @a本书从专业视角出发,用客观、公正的态度讲解了Uber的创立及发展,同时,也对比到了乔布斯、扎克伯格等成功人士的创业历程。 | |
| 606 | 0 | @a高技术企业@x企业管理@x经验@y美国 |
| 690 | @aF279.712.444@v5 | |
| 701 | 0 | @a王超@9wang chao@4编著 |
| 801 | 0 | @aCN@b上海新华@c20180901 |
| 905 | @b1168254-6@dF279.712.444@e1674@f3 | |
| UBER是什么/王超编著.-北京:中国商业出版社,2015 |
| 269页;21cm |
| 紫图书库 9101 经管 01 |
| ISBN 978-7-5044-9032-2:CNY39.90 |
| 本书从专业视角出发,用客观、公正的态度讲解了Uber的创立及发展,同时,也对比到了乔布斯、扎克伯格等成功人士的创业历程。 |
| ● |
| 相关链接 |
|
|
|
|
正题名:UBER是什么
索取号:F279.712.444/1674
 
预约/预借
| 序号 | 登录号 | 条形码 | 馆藏地/架位号 | 状态 | 备注 |
| 1 | 1168254 | 211682543 | 第一样本阅览室/ [索取号:F279.712.444/1674] | 在馆 | |
| 2 | 1168255 | 211682552 | 第一借阅区/ [索取号:F279.712.444/1674] | 在馆 | |
| 3 | 1168256 | 211682561 | 第一借阅区/ [索取号:F279.712.444/1674] | 在馆 |